| 000 | 00837nam a2200265 4500 | ||
|---|---|---|---|
| 003 | OSt | ||
| 005 | 20260601170958.0 | ||
| 008 | 260507b1973\\\\ag\|||||\||||\00|\0\spa\d | ||
| 040 |
_aICI _bspa _cICI |
||
| 041 | _aspa | ||
| 050 |
_aBH301.K5 _bM6518 1990 |
||
| 100 | 1 |
_aMoles, Abraham A., _d autor _930981 |
|
| 240 | 1 |
_aEl kitsch _lEspañol |
|
| 245 | 1 |
_a El kitsch : _b El arte de la felicidad / _cAbraham moles ; traducción de Josefina ludner |
|
| 264 |
_aArgentina _bPaidos BsAs _c1973 |
||
| 300 |
_a250 páginas: _bilustraciones |
||
| 336 |
_atexto _2rdacontent |
||
| 337 |
_asin medio _2rdamedia |
||
| 338 |
_avolumen _2rdacarrier |
||
| 490 | 0 |
_aPaidos studio ; _v82 |
|
| 500 | _aTraducción de : le kitsch : l'art au boulieur | ||
| 650 |
_aKitsch _930982 |
||
| 700 |
_aLudner, Josefina _etraductor _930983 |
||
| 942 |
_2ddc _cB _n1 |
||
| 999 |
_c19946 _d19946 |
||